00640nam a22001697a 450000500170000000800410001704100130005808200120007110000130008324500400009626000870013630000320022365000260025594200240028199900150030595201500032020240531122252.0240531b |||||||| |||| 00| 0 eng d aEnglish  a349 LAW lEnglish  aThe Law Reports: Chancery Division  aLondon: bThe Incorporated Council of Law Reporting for England and Wales, c1928  bxxvii, 988 pages; c25 cm.  aLegal practice bLaw  cBK6ALISON_BN_VRIES c1827d1827 00102ddc406349_000000000000000_LAW708ALLENG93841aLSNbLSNcCDd2024-05-31l0o349 LAW pLSN/2023/1976r2025-04-07 00:00:00w2024-05-31yBK